The complete guide to public speaking

Bibliographic Details
Main Author: Davidson, Jeff
Format: Book
Published: Petaling Jaya : Advantage Quest Publications , 2007
Subjects:

MARC

LEADER 00000cam a2200000 7i4500
001 0000130435
005 20090904.0
020 |a 9789833830756 
020 |a 9833830757 
090 0 0 |a 808.51   |b DAV 
100 1 |a Davidson, Jeff 
245 1 4 |a The complete guide to public speaking   |c Jeff Davidson 
260 |a Petaling Jaya :   |b Advantage Quest Publications ,   |c 2007 
300 |a 324p. ;   |c 23cm. 
650 0 0 |a Oral communication   |x Technique 
650 0 0 |a Public speaking   |x Technique 
999 |a 00228116   |b BUKU   |c PINJAMAN   |e PERPUSTAKAAN KOMUNITI PETALING JAYA